| 000 | 00698pam a2200181 a 4500 | ||
|---|---|---|---|
| 020 | _a0875185576 | ||
| 082 | 0 | 0 |
_a947.0842092 _bWHI _cD |
| 100 | 1 |
_aWhitelaw, Nancy. _946108 |
|
| 245 | 1 | 0 |
_aJoseph Stalin : _bfrom peasant to premier / _cNancy Whitelaw. |
| 250 | _a1st ed. | ||
| 260 |
_aNew York : _bDillon Press ; _aToronto : _bMaxwell Macmillan Canada ; _aNew York : _bMaxwell Macmillan International, _cc1992. |
||
| 300 |
_a149 p. : _bill. ; _c24 cm. |
||
| 520 | _aExamines the life and times of Joseph Stalin, the dictatorial leader of the Soviet Union from 1925 to 1953. | ||
| 526 |
_a0 _b0 _c0 _d947_084209200000000_WHI |
||
| 650 | 1 |
_aHeads of state. _946109 |
|
| 650 | 1 |
_aMCE _9379 |
|
| 942 |
_2ddc _cBK |
||
| 999 |
_c549450 _d549450 |
||